[Event "Silkway Cup"]
[Site "T#646345FIDE"]
[Date "2020.05.26"]
[Round "1"]
[White "Misi_95"]
[Black "Ati1517"]
[Result "1-0"]
[WhiteElo "1620"]
[BlackElo "1620"]
[Annotator "NA"]
[PlyCount "143"]
[EventDate "2020.05.26"]
[EventType "swiss (blitz)"]

1. e4 {[%emt 0:00:02]} e5 {[%emt 0:00:02]} 2. Nf3 {[%emt 0:00:02]} Nc6 {[%emt 0:00:04]} 3. Bc4 {[%emt 0:00:02]} Bc5 {[%emt 0:00:02]} 4. c3 {[%emt 0:00:06]} Nf6 {[%emt 0:00:05]} 5. d3 {[%emt 0:00:02]} d6 {[%emt 0:00:07]} 6. b4 {[%emt 0:00:09]} Bb6 {[%emt 0:00:02]} 7. a4 {[%emt 0:00:01]} a6 {[%emt 0:00:05]} 8. O-O {[%emt 0:00:06]} O-O {[%emt 0:00:21]} 9. Bg5 {[%emt 0:00:25]} h6 {[%emt 0:00:06]} 10. Bh4 {[%emt 0:00:02]} Qe7 {[%emt 0:00:06]} 11. Nbd2 {[%emt 0:00:10]} Bg4 {[%emt 0:00:16]} 12. h3 {[%emt 0:00:05]} Be6 {[%emt 0:00:19]} 13. Re1 {[%emt 0:00:22]} Rad8 {[%emt 0:00:23]} 14. Nf1 {[%emt 0:00:23]} g5 {[%emt 0:00:20]} 15. Bg3 {[%emt 0:00:09]} Kg7 {[%emt 0:00:07]} 16. Ne3 {[%emt 0:00:41]} Bxe3 {[%emt 0:00:09]} 17. Rxe3 {[%emt 0:00:02]} Bxc4 {[%emt 0:00:04]} 18. dxc4 {[%emt 0:00:01]} Qe6 {[%emt 0:00:00]} 19. Nd2 {[%emt 0:00:17]} Ne7 {[%emt 0:00:10]} 20. Qe2 {[%emt 0:00:19]} Ng6 {[%emt 0:00:04]} 21. Nf1 {[%emt 0:00:09]} Nf4 {[%emt 0:00:05]} 22. Bxf4 {[%emt 0:00:04]} exf4 {[%emt 0:00:02]} 23. Rf3 {[%emt 0:00:03]} Qxe4 {[%emt 0:00:17]} 24. Qxe4 {[%emt 0:00:02]} Nxe4 {[%emt 0:00:01]} 25. Re1 {[%emt 0:00:00]} f5 {[%emt 0:00:06]} 26. Rd3 {[%emt 0:00:01]} Rfe8 {[%emt 0:00:02]} 27. f3 {[%emt 0:00:01]} Nf6 {[%emt 0:00:04]} 28. Rxe8 {[%emt 0:00:02]} Rxe8 {[%emt 0:00:01]} 29. Kf2 {[%emt 0:00:03]} Kf7 {[%emt 0:00:04]} 30. Nd2 {[%emt 0:00:01]} Re7 {[%emt 0:00:01]} 31. Nb3 {[%emt 0:00:01]} h5 {[%emt 0:00:05]} 32. c5 {[%emt 0:00:02]} d5 {[%emt 0:00:02]} 33. c6 {[%emt 0:00:02]} bxc6 {[%emt 0:00:10]} 34. Nc5 {[%emt 0:00:04]} g4 {[%emt 0:00:01]} 35. Nxa6 {[%emt 0:00:04]} g3+ {[%emt 0:00:04]} 36. Kf1 {[%emt 0:00:01]} Nd7 {[%emt 0:00:02]} 37. a5 {[%emt 0:00:02]} Ke6 {[%emt 0:00:09]} 38. Rd4 {[%emt 0:00:01]} Ke5 {[%emt 0:00:01]} 39. Nc5 {[%emt 0:00:04]} Nxc5 {[%emt 0:00:02]} 40. bxc5 {[%emt 0:00:00]} Re8 {[%emt 0:00:00]} 41. a6 {[%emt 0:00:01]} Ra8 {[%emt 0:00:01]} 42. Ra4 {[%emt 0:00:01]} Ra7 {[%emt 0:00:01]} 43. Ke2 {[%emt 0:00:01]} Ke6 {[%emt 0:00:01]} 44. h4 {[%emt 0:00:01]} Ke5 {[%emt 0:00:01]} 45. Kd3 {[%emt 0:00:01]} Ke6 {[%emt 0:00:01]} 46. Kd4 {[%emt 0:00:01]} Kf6 {[%emt 0:00:01]} 47. c4 {[%emt 0:00:02]} Ke6 {[%emt 0:00:01]} 48. Ra1 {[%emt 0:00:01]} dxc4 {[%emt 0:00:03]} 49. Kxc4 {[%emt 0:00:01]} Ke5 {[%emt 0:00:01]} 50. Kb4 {[%emt 0:00:02]} Kd4 {[%emt 0:00:01]} 51. Ra2 {[%emt 0:00:06]} Kd3 {[%emt 0:00:03]} 52. Ka5 {[%emt 0:00:02]} Kc4 {[%emt 0:00:02]} 53. Rb2 {[%emt 0:00:02]} Kxc5 {[%emt 0:00:05]} 54. Rb7 {[%emt 0:00:01]} Ra8 {[%emt 0:00:01]} 55. a7 {[%emt 0:00:01]} Re8 {[%emt 0:00:02]} 56. Rb3 {[%emt 0:00:09]} Kc4 {[%emt 0:00:08]} 57. Ra3 {[%emt 0:00:05]} Kd4 {[%emt 0:00:04]} 58. Ka6 {[%emt 0:00:01]} c5 {[%emt 0:00:02]} 59. Kb7 {[%emt 0:00:01]} c4 {[%emt 0:00:01]} 60. Kxc7 {[%emt 0:00:02]} c3 {[%emt 0:00:03]} 61. a8=Q {[%emt 0:00:01]} Rxa8 {[%emt 0:00:02]} 62. Rxa8 {[%emt 0:00:00]} c2 {[%emt 0:00:02]} 63. Ra1 {[%emt 0:00:01]} Ke3 {[%emt 0:00:01]} 64. Kd6 {[%emt 0:00:01]} Kf2 {[%emt 0:00:01]} 65. Ke5 {[%emt 0:00:03]} Kxg2 {[%emt 0:00:01]} 66. Kxf4 {[%emt 0:00:00]} Kf2 {[%emt 0:00:02]} 67. Rc1 {[%emt 0:00:00]} g2 {[%emt 0:00:03]} 68. Rxc2+ {[%emt 0:00:01]} Kf1 {[%emt 0:00:01]} 69. Rc1+ {[%emt 0:00:00]} Kf2 {[%emt 0:00:01]} 70. Kxf5 {[%emt 0:00:01]} Kxf3 {[%emt 0:00:01]} 71. Kg5 {[%emt 0:00:00]} Kf2 {[%emt 0:00:02]} 72. Kxh5 {[%emt 0:00:01] Ati1517 resigns (Lag: Av=0.78s, max=1.9s)} 1-0

[Event "Silkway Cup"]
[Site "T#646345FIDE"]
[Date "2020.05.26"]
[Round "1"]
[White "Ninullia"]
[Black "Kutiktau"]
[Result "0-1"]
[WhiteElo "1620"]
[BlackElo "2750"]
[Annotator "TA"]
[PlyCount "82"]
[EventDate "2020.05.26"]
[EventType "swiss (blitz)"]

{[%evp 14,82,0,-13,-29,-22,-2,-17,-16,-17,-11,-142,-79,-89,-92,-90,-87,-95,-93,-119,-123,-181,-151,-203,-199,-203,-189,-234,-215,-261,-234,-308,-297,-311,-263,-247,-223,-238,-239,-387,-392,-497,-500,-587,-563,-578,-569,-986,-980,-965,-978,-971,-964,-939,-960,-938,-932,-922,-911,-1062,-1047,-1245,-1242,-1317,-1225,-7434,-7185,-5831,-5327,-2139,-1928]} 1. d4 Nf6 2. Nf3 c5 3. d5 g6 4. Nc3 Bg7 5. e4 d6 6. h3 O-O 7. Bc4 b5 8. Bxb5 Nxe4 $1 {A43: Schmid Benoni.} 9. Nxe4 Qa5+ {[%mdl 64] [#] Double Attack} 10. Nc3 Bxc3+ {The position is equal.} 11. bxc3 {Strongly threatening Bd3.} Qxb5 12. Qe2 (12. Nd2 $1 $11 {keeps the balance.}) 12... Ba6 ({Better is} 12... Qxe2+ 13. Kxe2 Ba6+ 14. Kd1 Re8) 13. Qxb5 $17 Bxb5 14. Bh6 {[#]} Re8 $1 15. Nd2 Nd7 {[#]} 16. O-O-O $146 ({Predecessor:} 16. a4 Ba6 17. a5 Rab8 18. Kd1 Nf6 19. c4 e6 20. Bg5 Kg7 21. Bxf6+ Kxf6 22. Ne4+ {0-1 (54) Somoff,A (2172)-Zozulia,A (2371) Eforie Nord 2011}) 16... Nb6 17. Nb3 (17. Rhe1 $17 {was called for.}) 17... Bc4 18. h4 (18. Rhe1 $17) 18... Bxd5 $19 19. f3 f6 20. Be3 h5 21. Rhf1 Kf7 22. g4 a5 {[%cal Ba7a5,Ba5a4][%mdl 32]} 23. a3 a4 24. Nd2 Rab8 25. Rg1 Rh8 26. Rdf1 (26. Bf2 $142) 26... hxg4 27. Rxg4 Be6 {Black is clearly winning.} 28. Rf4 Nd5 {[%mdl 64] Double Attack} 29. Re4 Nxc3 30. Rf4 Ne2+ {[%mdl 64] Double Attack} 31. Kd1 Nxf4 32. Bxf4 Rxh4 33. Bg3 Rh3 34. Bf4 g5 35. Be3 g4 36. Ke2 gxf3+ 37. Kf2 Rb2 38. Rc1 Bf5 39. c3 Rh2+ 40. Kxf3 Rhxd2 41. Bxd2 Rxd2 {Accuracy: White = 36%, Black = 83%.} 0-1

[Event "Silkway Cup"]
[Site "T#646345FIDE"]
[Date "2020.05.26"]
[Round "1"]
[White "Powerstrong"]
[Black "Rasulov Vugar"]
[Result "0-1"]
[WhiteElo "1620"]
[BlackElo "1620"]
[Annotator "NA RC"]
[PlyCount "62"]
[EventDate "2020.05.26"]
[EventType "swiss (blitz)"]

1. e4 {[%emt 0:00:03]} c5 {[%emt 0:00:02]} 2. Nf3 {[%emt 0:00:01]} d6 {[%emt 0:00:01]} 3. d4 {[%emt 0:00:01]} cxd4 {[%emt 0:00:01]} 4. Nxd4 {[%emt 0:00:01]} Nf6 {[%emt 0:00:01]} 5. Nc3 {[%emt 0:00:02]} a6 {[%emt 0:00:01]} 6. Be3 {[%emt 0:00:01]} e5 {[%emt 0:00:05]} 7. Nb3 {[%emt 0:00:01]} Be7 {[%emt 0:00:01]} 8. f3 {[%emt 0:00:02]} O-O {[%emt 0:00:03]} 9. Qd2 {[%emt 0:00:04]} Be6 {[%emt 0:00:01]} 10. O-O-O {[%emt 0:00:04]} Qc7 {[%emt 0:00:01]} 11. g4 {[%emt 0:00:11]} Rc8 {[%emt 0:00:05]} 12. h4 {[%emt 0:00:09]} b5 {[%emt 0:00:40]} 13. Kb1 {[%emt 0:01:35]} Nbd7 {[%emt 0:00:18]} 14. g5 {[%emt 0:00:22]} Nh5 {[%emt 0:00:17]} 15. Nd5 {[%emt 0:00:01]} Bxd5 {[%emt 0:00:02]} 16. exd5 {[%emt 0:00:00]} Ng3 {[%emt 0:00:08]} 17. Rg1 {[%emt 0:00:02]} Nxf1 {[%emt 0:00:01]} 18. Rdxf1 {[%emt 0:00:01]} a5 {[%emt 0:00:01]} 19. h5 {[%emt 0:00:03]} g6 {[%emt 0:00:13]} 20. hxg6 {[%emt 0:00:02]} hxg6 {[%emt 0:00:08]} 21. Rh1 {[%emt 0:00:02]} Bf8 {[%emt 0:00:01]} 22. Qh2 {[%emt 0:00:04]} Bg7 {[%emt 0:00:01]} 23. f4 {[%emt 0:00:16]} a4 {[%emt 0:00:06]} 24. Nc1 {[%emt 0:00:13]} a3 {[%emt 0:00:05]} 25. fxe5 {[%emt 0:00:03]} Nxe5 {[%emt 0:00:14]} 26. Bd4 {[%emt 0:00:12]} axb2 {[%emt 0:00:01]} 27. Bxe5 {[%emt 0:00:09]} bxc1=Q+ {[%emt 0:00:07]} 28. Rxc1 {[%emt 0:00:02]} dxe5 {[%emt 0:00:07]} 29. Qh7+ {[%emt 0:00:01]} Kf8 {[%emt 0:00:01]} 30. d6 {[%emt 0:00:01]} Qc4 {[%emt 0:00:05]} 31. c3 {[%emt 0:00:00]} Qxa2# {[%emt 0:00:01] (Lag: Av=0.56s, max=0.7s)} 0-1

[Event "Silkway Cup"]
[Site "T#646345FIDE"]
[Date "2020.05.26"]
[Round "1"]
[White "Shak"]
[Black "Nino2014"]
[Result "1-0"]
[WhiteElo "1620"]
[BlackElo "1824"]
[Annotator "NA"]
[PlyCount "91"]
[EventDate "2020.05.26"]
[EventType "swiss (blitz)"]

1. d4 {[%emt 0:00:04]} d5 {[%emt 0:00:02]} 2. c4 {[%emt 0:00:02]} e6 {[%emt 0:00:01]} 3. Nc3 {[%emt 0:00:03]} c5 {[%emt 0:00:01]} 4. cxd5 {[%emt 0:00:10]} exd5 {[%emt 0:00:00]} 5. Nf3 {[%emt 0:00:01]} Nf6 {[%emt 0:00:03]} 6. e3 {[%emt 0:00:08]} Nc6 {[%emt 0:00:13]} 7. a3 {[%emt 0:00:01]} Bg4 {[%emt 0:00:29]} 8. Bb5 {[%emt 0:00:07]} cxd4 {[%emt 0:00:34]} 9. Qxd4 {[%emt 0:00:21]} Bxf3 {[%emt 0:00:14]} 10. gxf3 {[%emt 0:00:01]} Be7 {[%emt 0:00:05]} 11. Qa4 {[%emt 0:00:15]} O-O {[%emt 0:00:04]} 12. Ne2 {[%emt 0:00:02]} Rc8 {[%emt 0:00:16]} 13. Bd2 {[%emt 0:00:01]} a6 {[%emt 0:00:02]} 14. Bxc6 {[%emt 0:00:03]} bxc6 {[%emt 0:00:00]} 15. Qxa6 {[%emt 0:00:03]} c5 {[%emt 0:00:05]} 16. Qd3 {[%emt 0:00:06]} Qd7 {[%emt 0:00:03]} 17. Bc3 {[%emt 0:00:04]} Rfe8 {[%emt 0:00:14]} 18. Rg1 {[%emt 0:00:17]} d4 {[%emt 0:00:04]} 19. exd4 {[%emt 0:00:08]} cxd4 {[%emt 0:00:17]} 20. Qxd4 {[%emt 0:00:11]} Qe6 {[%emt 0:00:11]} 21. Qe3 {[%emt 0:00:10]} Bc5 {[%emt 0:00:19]} 22. Qxe6 {[%emt 0:00:05]} Rxe6 {[%emt 0:00:00]} 23. Kf1 {[%emt 0:00:01]} g6 {[%emt 0:00:15]} 24. Nf4 {[%emt 0:00:03]} Rec6 {[%emt 0:00:02]} 25. Rd1 {[%emt 0:00:07]} Bf8 {[%emt 0:00:08]} 26. Kg2 {[%emt 0:00:08]} Bh6 {[%emt 0:00:02]} 27. Nd5 {[%emt 0:00:07]} Nxd5 {[%emt 0:00:01]} 28. Rxd5 {[%emt 0:00:00]} Bg7 {[%emt 0:00:01]} 29. Bxg7 {[%emt 0:00:01]} Kxg7 {[%emt 0:00:00]} 30. Rgd1 {[%emt 0:00:01]} Rc2 {[%emt 0:00:00]} 31. R5d2 {[%emt 0:00:01]} R2c5 {[%emt 0:00:01]} 32. b4 {[%emt 0:00:01]} Rg5+ {[%emt 0:00:01]} 33. Kf1 {[%emt 0:00:02]} Rc3 {[%emt 0:00:00]} 34. Rd3 {[%emt 0:00:01]} Rc2 {[%emt 0:00:01]} 35. a4 {[%emt 0:00:15]} Rb2 {[%emt 0:00:02]} 36. b5 {[%emt 0:00:03]} Rc5 {[%emt 0:00:04]} 37. R1d2 {[%emt 0:00:27]} Rb4 {[%emt 0:00:02]} 38. Rd4 {[%emt 0:00:02]} Rb1+ {[%emt 0:00:02]} 39. Ke2 {[%emt 0:00:02]} Rh5 {[%emt 0:00:03]} 40. Kd3 {[%emt 0:00:13]} Rxh2 {[%emt 0:00:01]} 41. Kc2 {[%emt 0:00:01]} Ra1 {[%emt 0:00:05]} 42. b6 {[%emt 0:00:04]} Ra2+ {[%emt 0:00:03]} 43. Kb3 {[%emt 0:00:03]} Rxd2 {[%emt 0:00:09]} 44. Rxd2 {[%emt 0:00:00]} Rh1 {[%emt 0:00:00]} 45. b7 {[%emt 0:00:02]} Rb1+ {[%emt 0:00:00]} 46. Rb2 {[%emt 0:00:01] Nino2014 resigns (Lag: Av=0.77s, max=1.3s)} 1-0

[Event "Silkway Cup"]
[Site "T#646345FIDE"]
[Date "2020.05.26"]
[Round "1"]
[White "SuleymanliAydin1"]
[Black "HasanzadeT"]
[Result "1-0"]
[WhiteElo "1620"]
[BlackElo "1620"]
[Annotator "NA RC"]
[PlyCount "43"]
[EventDate "2020.05.26"]
[EventType "swiss (blitz)"]

1. d4 {[%emt 0:00:04]} Nf6 {[%emt 0:00:06]} 2. Nf3 {[%emt 0:00:03]} d5 {[%emt 0:00:04]} 3. Bf4 {[%emt 0:00:01]} c5 {[%emt 0:00:05]} 4. e3 {[%emt 0:00:02]} Nc6 {[%emt 0:00:11]} 5. c3 {[%emt 0:00:03]} cxd4 {[%emt 0:00:08]} 6. exd4 {[%emt 0:00:02]} g6 {[%emt 0:00:02]} 7. Be2 {[%emt 0:00:10]} Bg7 {[%emt 0:00:02]} 8. Nbd2 {[%emt 0:00:02]} O-O {[%emt 0:00:03]} 9. O-O {[%emt 0:00:02]} Ne4 {[%emt 0:00:17]} 10. Nxe4 {[%emt 0:01:23]} dxe4 {[%emt 0:00:03]} 11. Ng5 {[%emt 0:00:01]} Qd5 {[%emt 0:01:25]} 12. f3 {[%emt 0:00:18]} exf3 {[%emt 0:00:13]} 13. Bxf3 {[%emt 0:00:04]} Qa5 {[%emt 0:00:06]} 14. Qb3 {[%emt 0:00:34]} e5 {[%emt 0:00:20]} 15. dxe5 {[%emt 0:00:03]} Nxe5 {[%emt 0:00:02]} 16. Bd5 {[%emt 0:00:04]} Qb6+ {[%emt 0:00:07]} 17. Qxb6 {[%emt 0:00:04]} axb6 {[%emt 0:00:02]} 18. Bxe5 {[%emt 0:00:02]} Bxe5 {[%emt 0:00:02]} 19. Nxf7 {[%emt 0:00:01]} Bc7 {[%emt 0:00:12]} 20. Rae1 {[%emt 0:00:02]} Kg7 {[%emt 0:00:03]} 21. Re7 {[%emt 0:00:03]} Bd8 {[%emt 0:00:04]} 22. Nxd8+ {[%emt 0:00:01] (Lag: Av=0.64s, max=1.4s) HasanzadeT resigns} 1-0

[Event "Silkway Cup"]
[Site "T#646345FIDE"]
[Date "2020.05.26"]
[Round "1"]
[White "Ulka96"]
[Black "Nara_Kh"]
[Result "0-1"]
[WhiteElo "1620"]
[BlackElo "1620"]
[Annotator "NA"]
[PlyCount "96"]
[EventDate "2020.05.26"]
[EventType "swiss (blitz)"]

1. e4 {[%emt 0:00:03]} d6 {[%emt 0:00:03]} 2. d4 {[%emt 0:00:02]} Nf6 {[%emt 0:00:01]} 3. Nc3 {[%emt 0:00:01]} g6 {[%emt 0:00:01]} 4. Be3 {[%emt 0:00:03]} c6 {[%emt 0:00:04]} 5. h3 {[%emt 0:00:02]} b5 {[%emt 0:00:02]} 6. a3 {[%emt 0:00:06]} Nbd7 {[%emt 0:00:04]} 7. f4 {[%emt 0:00:01]} Bg7 {[%emt 0:00:22]} 8. e5 {[%emt 0:00:27]} Ng8 {[%emt 0:01:00]} 9. Nf3 {[%emt 0:00:24]} Nh6 {[%emt 0:00:09]} 10. g4 {[%emt 0:00:13]} a6 {[%emt 0:00:26]} 11. Bg2 {[%emt 0:00:02]} Qc7 {[%emt 0:00:16]} 12. Qd2 {[%emt 0:00:01]} f5 {[%emt 0:00:02]} 13. exf6 {[%emt 0:01:02]} Nf5 {[%emt 0:00:00]} 14. gxf5 {[%emt 0:00:01] Nara_Kh reconnected.} Nxf6 {[%emt 0:00:04]} 15. fxg6 {[%emt 0:00:05]} hxg6 {[%emt 0:00:01]} 16. O-O-O {[%emt 0:00:09]} Be6 {[%emt 0:00:10]} 17. Ng5 {[%emt 0:00:01]} Bf5 {[%emt 0:00:03]} 18. Nce4 {[%emt 0:00:08]} Rb8 {[%emt 0:00:23]} 19. Nxf6+ {[%emt 0:00:18]} Bxf6 {[%emt 0:00:06]} 20. Qc3 {[%emt 0:00:02]} a5 {[%emt 0:00:06]} 21. Qxc6+ {[%emt 0:00:02]} Qxc6 {[%emt 0:00:04]} 22. Bxc6+ {[%emt 0:00:01]} Kf8 {[%emt 0:00:01]} 23. d5 {[%emt 0:00:05]} b4 {[%emt 0:00:03]} 24. a4 {[%emt 0:00:01]} b3 {[%emt 0:00:03]} 25. c3 {[%emt 0:00:01]} Bxc3 {[%emt 0:00:08]} 26. Bd4 {[%emt 0:00:13]} Bxd4 {[%emt 0:00:01]} 27. Rxd4 {[%emt 0:00:01]} Kg7 {[%emt 0:00:00]} 28. Re1 {[%emt 0:00:01]} Kf6 {[%emt 0:00:01]} 29. Ne6 {[%emt 0:00:02]} Rxh3 {[%emt 0:00:02]} 30. Rc4 {[%emt 0:00:06]} Rh2 {[%emt 0:00:01]} 31. Rc3 {[%emt 0:00:03]} Rb4 {[%emt 0:00:01]} 32. Nc7 {[%emt 0:00:04]} Rf2 {[%emt 0:00:02]} 33. Ne8+ {[%emt 0:00:03]} Kf7 {[%emt 0:00:01]} 34. Nc7 {[%emt 0:00:07]} Rfxf4 {[%emt 0:00:01]} 35. Bb5 {[%emt 0:00:03]} Rf2 {[%emt 0:00:02]} 36. Rce3 {[%emt 0:00:01]} Rc2+ {[%emt 0:00:01]} 37. Kd1 {[%emt 0:00:01]} Rd4+ {[%emt 0:00:01]} 38. Bd3 {[%emt 0:00:04]} Rxd3+ {[%emt 0:00:01]} 39. Rxd3 {[%emt 0:00:01]} Bxd3 {[%emt 0:00:00]} 40. Re3 {[%emt 0:00:02]} Bf5 {[%emt 0:00:01]} 41. Rxb3 {[%emt 0:00:01]} Rxc7 {[%emt 0:00:01]} 42. Rb5 {[%emt 0:00:01]} Rc5 {[%emt 0:00:01]} 43. Rb8 {[%emt 0:00:02]} Rxd5+ {[%emt 0:00:01]} 44. Kc1 {[%emt 0:00:01]} Rd4 {[%emt 0:00:01]} 45. b3 {[%emt 0:00:01]} g5 {[%emt 0:00:04]} 46. Rb5 {[%emt 0:00:02]} Rf4 {[%emt 0:00:03]} 47. Rxa5 {[%emt 0:00:01]} g4 {[%emt 0:00:00]} 48. Rb5 {[%emt 0:00:01]} g3 {[%emt 0:00:01] Ulka96 resigns (Lag: Av=1.78s, max=55.8s)} 0-1

[Event "Silkway Cup"]
[Site "T#646345FIDE"]
[Date "2020.05.26"]
[Round "1"]
[White "VugarAsadli"]
[Black "Gul91"]
[Result "1/2-1/2"]
[WhiteElo "1620"]
[BlackElo "2060"]
[Annotator "NA"]
[PlyCount "158"]
[EventDate "2020.05.26"]
[EventType "swiss (blitz)"]

1. e4 {[%emt 0:00:03]} e6 {[%emt 0:00:01]} 2. d3 {[%emt 0:00:03]} d5 {[%emt 0:00:01]} 3. Nd2 {[%emt 0:00:00]} c5 {[%emt 0:00:01]} 4. Ngf3 {[%emt 0:00:01]} Nc6 {[%emt 0:00:00]} 5. g3 {[%emt 0:00:00]} g6 {[%emt 0:00:02]} 6. Bg2 {[%emt 0:00:02]} Bg7 {[%emt 0:00:01]} 7. O-O {[%emt 0:00:00]} Nge7 {[%emt 0:00:02]} 8. Re1 {[%emt 0:00:02]} b6 {[%emt 0:00:08]} 9. Rb1 {[%emt 0:00:11]} a5 {[%emt 0:00:08]} 10. a4 {[%emt 0:00:03]} Ra7 {[%emt 0:00:07]} 11. b3 {[%emt 0:00:07]} e5 {[%emt 0:00:25]} 12. exd5 {[%emt 0:00:12]} Nxd5 {[%emt 0:00:02]} 13. Bb2 {[%emt 0:00:01]} Re7 {[%emt 0:00:02]} 14. Nc4 {[%emt 0:00:01]} f6 {[%emt 0:00:19]} 15. Nfd2 {[%emt 0:00:10]} O-O {[%emt 0:00:04]} 16. Bxd5+ {[%emt 0:00:05]} Qxd5 {[%emt 0:00:02]} 17. Nxb6 {[%emt 0:00:00]} Qd8 {[%emt 0:00:06]} 18. Nxc8 {[%emt 0:00:01]} Qxc8 {[%emt 0:00:00]} 19. Nc4 {[%emt 0:00:07]} f5 {[%emt 0:00:06]} 20. Qf3 {[%emt 0:00:14]} e4 {[%emt 0:00:08]} 21. Qf4 {[%emt 0:00:15]} Bxb2 {[%emt 0:00:03]} 22. Rxb2 {[%emt 0:00:00]} Nd4 {[%emt 0:00:08]} 23. Nd2 {[%emt 0:00:02]} Qe8 {[%emt 0:00:11]} 24. c3 {[%emt 0:00:16]} Ne6 {[%emt 0:00:09]} 25. Qd6 {[%emt 0:00:16]} Rd7 {[%emt 0:00:06]} 26. Qe5 {[%emt 0:00:21]} Rxd3 {[%emt 0:00:07]} 27. Kg2 {[%emt 0:00:06]} Qd7 {[%emt 0:00:15]} 28. Nc4 {[%emt 0:00:04]} Qc6 {[%emt 0:00:10]} 29. Nxa5 {[%emt 0:00:05]} Qe8 {[%emt 0:00:06]} 30. Nc4 {[%emt 0:00:05]} Ng5 {[%emt 0:00:10]} 31. Qxe8 {[%emt 0:00:04]} Rxe8 {[%emt 0:00:00]} 32. Ra1 {[%emt 0:00:10]} Rxc3 {[%emt 0:00:04]} 33. a5 {[%emt 0:00:01]} Nf3 {[%emt 0:00:01]} 34. a6 {[%emt 0:00:03]} Ra8 {[%emt 0:00:01]} 35. a7 {[%emt 0:00:02]} Rxa7 {[%emt 0:00:09]} 36. Rxa7 {[%emt 0:00:20]} Rc1 {[%emt 0:00:02]} 37. Nd2 {[%emt 0:00:05]} Rg1+ {[%emt 0:00:04]} 38. Kh3 {[%emt 0:00:01]} Ng5+ {[%emt 0:00:08]} 39. Kh4 {[%emt 0:00:01]} h6 {[%emt 0:00:01]} 40. f4 {[%emt 0:00:14]} Rg2 {[%emt 0:00:14]} 41. Nc4 {[%emt 0:00:04]} Nf3+ {[%emt 0:00:07]} 42. Kh3 {[%emt 0:00:01]} Rg1 {[%emt 0:00:01]} 43. Rd2 {[%emt 0:00:04]} Nxd2 {[%emt 0:00:03]} 44. Nxd2 {[%emt 0:00:00]} e3 {[%emt 0:00:05]} 45. Ra2 {[%emt 0:00:14]} exd2 {[%emt 0:00:06]} 46. Rxd2 {[%emt 0:00:00]} Rb1 {[%emt 0:00:01]} 47. Rd3 {[%emt 0:00:01]} Kg7 {[%emt 0:00:02]} 48. Rd7+ {[%emt 0:00:01]} Kf6 {[%emt 0:00:01]} 49. Rd6+ {[%emt 0:00:01]} Kf7 {[%emt 0:00:01]} 50. Rd7+ {[%emt 0:00:03]} Kf6 {[%emt 0:00:01]} 51. Rd6+ {[%emt 0:00:01]} Kf7 {[%emt 0:00:01]} 52. Rc6 {[%emt 0:00:00]} Rxb3 {[%emt 0:00:02]} 53. Rxc5 {[%emt 0:00:01]} Rb2 {[%emt 0:00:01]} 54. Rc6 {[%emt 0:00:01]} Kg7 {[%emt 0:00:01]} 55. Ra6 {[%emt 0:00:01]} Kf7 {[%emt 0:00:02]} 56. Ra7+ {[%emt 0:00:01]} Kf6 {[%emt 0:00:01]} 57. Rh7 {[%emt 0:00:02]} h5 {[%emt 0:00:02]} 58. Ra7 {[%emt 0:00:01]} Rc2 {[%emt 0:00:01]} 59. Ra6+ {[%emt 0:00:01]} Kf7 {[%emt 0:00:01]} 60. Rb6 {[%emt 0:00:04]} Rd2 {[%emt 0:00:02]} 61. Rc6 {[%emt 0:00:01]} Re2 {[%emt 0:00:01]} 62. Ra6 {[%emt 0:00:01]} Rc2 {[%emt 0:00:01]} 63. Kh4 {[%emt 0:00:01]} Rxh2+ {[%emt 0:00:01]} 64. Kg5 {[%emt 0:00:00]} Rg2 {[%emt 0:00:03]} 65. Rf6+ {[%emt 0:00:07]} Ke7 {[%emt 0:00:02]} 66. Kxg6 {[%emt 0:00:01]} Rxg3+ {[%emt 0:00:03]} 67. Kxf5 {[%emt 0:00:00]} h4 {[%emt 0:00:01]} 68. Rh6 {[%emt 0:00:01]} h3 {[%emt 0:00:01]} 69. Ke5 {[%emt 0:00:01]} Kf7 {[%emt 0:00:01]} 70. f5 {[%emt 0:00:03]} Re3+ {[%emt 0:00:01]} 71. Kf4 {[%emt 0:00:01]} Ra3 {[%emt 0:00:01]} 72. Kg5 {[%emt 0:00:01]} Rg3+ {[%emt 0:00:02]} 73. Kf4 {[%emt 0:00:01]} Ra3 {[%emt 0:00:01]} 74. Ke5 {[%emt 0:00:01]} Re3+ {[%emt 0:00:02]} 75. Kd4 {[%emt 0:00:01]} Rf3 {[%emt 0:00:02]} 76. Ke4 {[%emt 0:00:03]} Ra3 {[%emt 0:00:01]} 77. Kf4 {[%emt 0:00:05]} Rb3 {[%emt 0:00:01]} 78. Kg5 {[%emt 0:00:02]} Rg3+ {[%emt 0:00:01]} 79. Kf4 {[%emt 0:00:01]} Ra3 {[%emt 0:00:01] (Lag: Av=0.53s, max=1.2s)} 1/2-1/2

[Event "Silkway Cup"]
[Site "T#646345FIDE"]
[Date "2020.05.26"]
[Round "1"]
[White "Diana lomaia"]
[Black "Belusi"]
[Result "0-1"]
[WhiteElo "1535"]
[BlackElo "2528"]
[Annotator "TA"]
[PlyCount "68"]
[EventDate "2020.05.26"]
[EventType "swiss (blitz)"]

{[%evp 22,68,18,11,18,-26,-25,-29,20,17,9,21,29,0,0,-3,0,-60,0,-27,-24,-250,-254,-383,-360,-368,-386,-402,-348,-579,-575,-1187,-1170,-1146,-1145,-1909,-1823,-5002,-3046,-29987,-29987,-29987,-1412,-1981,-1876,-1490,-1361,-5810,-1269]} 1. d4 Nf6 2. c4 g6 3. Nc3 d5 4. cxd5 Nxd5 5. e4 Nxc3 6. bxc3 Bg7 7. Bc4 O-O 8. Ne2 Nc6 9. O-O b6 10. Be3 Bb7 11. f3 Na5 12. Bd3 e5 {[#] D86: Exchange Grünfeld: Classical Line (7 Bc4).} 13. f4 $146 ({Predecessor:} 13. d5 c5 14. c4 Bc8 15. Nc1 Nb7 16. Nb3 Nd6 17. a4 a5 18. Nd2 f5 19. Rb1 f4 20. Bf2 {1-0 (78) Lopez Gonzalez,A (2219)-Sismeiro,M (2054) Guimaraes 2019}) 13... exd4 14. Bxd4 c5 {Black has an edge.} 15. Bxg7 Kxg7 16. Ng3 Qc7 17. Qf3 Rad8 18. f5 f6 19. Rad1 (19. fxg6 $11 hxg6 20. Ne2) 19... Qe5 (19... Nc6 $1 $15) 20. Bc2 Nc4 $36 {[%mdl 2048] Strongly threatening ...Nd2. Black is pushing.} 21. h4 $2 {Now White is beyond hope.} (21. fxg6 $11 hxg6 22. Bb3) 21... Nd2 $19 {[%mdl 64] [#] Double Attack} 22. Qg4 (22. Qe3 {was the only chance.} Nxf1 23. Rxf1) 22... Nxf1 23. Rxf1 Bc8 24. Qf3 Rd2 25. Bd3 $2 {[#]} (25. Rf2 Rfd8 26. Qe3) 25... Qxc3 26. Rd1 Rxd1+ 27. Qxd1 Rd8 28. Qg4 Rxd3 29. Nh5+ Kf8 30. Qf4 Rd1+ 31. Kh2 Qe5 (31... gxh5 $142 32. Qh6+ Kg8 33. Qf4 Qe5 34. Qxe5 fxe5 35. g4 c4 36. gxh5 c3 37. h6 c2 38. f6 c1=Q 39. f7+ Kxf7 40. Kg3 Rd2 41. h5 Qg1+ 42. Kh4 Rh2#) 32. Qxe5 {Black is clearly winning.} fxe5 33. fxg6 hxg6 34. Nf6 Ra1 {Accuracy: White = 24%, Black = 86%.} 0-1

[Event "Silkway Cup"]
[Site "T#646345FIDE"]
[Date "2020.05.26"]
[Round "2"]
[White "Kutiktau"]
[Black "Shak"]
[Result "1-0"]
[WhiteElo "2750"]
[BlackElo "1620"]
[Annotator "TA"]
[PlyCount "24"]
[EventDate "2020.05.26"]
[EventType "swiss (blitz)"]

{[%evp 2,2,26]} 1. Nf3 Nf6 {An uneventful encounter.} {Predecessor:} 2. g3 c5 3. Bg2 Nc6 4. O-O e5 5. e4 Nxe4 6. Re1 {A04: Unusual lines after 1 Nf3 and King's Indian Attack.} Nf6 7. Nxe5 Be7 8. c4 O-O 9. Nc3 Nxe5 10. Rxe5 d6 11. Re1 Be6 12. Bxb7 Rb8 {1-0 (45) Ding,L (2791)-Nepomniachtchi,I (2784) chess24.com INT 2020} 1-0